Skip to main content
Your cart is empty.
Your lists
Log in to create your own lists
Your cookies
العربية
English
العربية
Home
Search
Advanced search
Authority search
About
The noble scholar, jurist, historian
His Excellency Dr. Abdul Wahhab bin Ibrahim Abu Sulaiman, may Allah have mercy on him.
He was born in Umm Al-Qura in the year 1356 AH.
Library catalog
Title
Author
Subject
ISBN
ISSN
Series
Call number
Log in to your account
×
Login:
Password:
Home
MARC view: كتاب سداد الدين وسداد الدين في النجاة والدرجات للوالدين /
Normal view
MARC view
ISBD view
كتاب سداد الدين وسداد الدين في النجاة والدرجات للوالدين / (Record no. 14588)
[
view plain
]
MARC details
000 -LEADER
fixed length control field
01938cam a22003611i 4500
003 - CONTROL NUMBER IDENTIFIER
control field
SA-RiAUC
005 - DATE AND TIME OF LATEST TRANSACTION
control field
20260315124000.0
008 - FIXED-LENGTH DATA ELEMENTS--GENERAL INFORMATION
fixed length control field
260123s1905 ua g 000r0cara c
040 ## - CATALOGING SOURCE
Original cataloging agency
SA-MaHRM
Language of cataloging
ara
Transcribing agency
SA-RiAUC
Description conventions
rda
082 04 - DEWEY DECIMAL CLASSIFICATION NUMBER
Classification number
240
090 ## - LOCALLY ASSIGNED LC-TYPE CALL NUMBER (OCLC); LOCAL CALL NUMBER (RLIN)
Classification number (OCLC) (R) ; Classification number, CALL (RLIN) (NR)
م ن 240
Local cutter number (OCLC) ; Book number/undivided call number, CALL (RLIN)
ب ر ز
100 1# - MAIN ENTRY--PERSONAL NAME
Personal name
البرزنجي، محمد بن عبد الرسول بن عبد السيد،
Dates associated with a name
1040-1103 هجري
Relator term
مؤلف.
245 10 - TITLE STATEMENT
Title
كتاب سداد الدين وسداد الدين في النجاة والدرجات للوالدين /
Statement of responsibility, etc.
تأليف محمد ابن الرسول البرزنجي الحسيني المدني.
246 30 - VARYING FORM OF TITLE
Title proper/short title
سداد الدين وسداد الدين في إثبات النجاة والدرجات للوالدين
250 ## - EDITION STATEMENT
Edition statement
الطبعة الأولى.
264 #1 - PRODUCTION, PUBLICATION, DISTRIBUTION, MANUFACTURE, AND COPYRIGHT NOTICE
Place of production, publication, distribution, manufacture
[مكان النشر غير محدد] :
Name of producer, publisher, distributor, manufacturer
[الناشر غير محدد]،
Date of production, publication, distribution, manufacture, or copyright notice
1905
264 #3 - PRODUCTION, PUBLICATION, DISTRIBUTION, MANUFACTURE, AND COPYRIGHT NOTICE
Place of production, publication, distribution, manufacture
[القاهرة] :
Name of producer, publisher, distributor, manufacturer
مطبعة اللواء
300 ## - PHYSICAL DESCRIPTION
Extent
أ-ز، 376 صفحة ؛
Dimensions
29 سم
336 ## - CONTENT TYPE
Content type term
نص
Content type code
txt
Source
rdacontent
Materials specified
كتاب
337 ## - MEDIA TYPE
Media type term
بدون وسيط
Media type code
n
Source
rdamedia
338 ## - CARRIER TYPE
Carrier type term
مجلد
Carrier type code
nc
Source
rdacarrier
500 ## - GENERAL NOTE
General note
يشتمل على ترجمة للمصنف.
535 1# - LOCATION OF ORIGINALS/DUPLICATES NOTE
Custodian
مديرية الأوقاف العامة.
600 07 - SUBJECT ADDED ENTRY--PERSONAL NAME
Personal name
محمد (صلى الله عليه وسلم)،
Dates associated with a name
53 قبل الهجرة-11 هجري
General subdivision
عائلة
Source of heading or term
aucnm
600 17 - SUBJECT ADDED ENTRY--PERSONAL NAME
Personal name
عبد الله الذبيح، عبد الله بن عبد المطلب بن هاشم،
Dates associated with a name
81-53 قبل الهجرة
Source of heading or term
aucnm
600 07 - SUBJECT ADDED ENTRY--PERSONAL NAME
Personal name
آمنة بنت وهب بن عبد مناف،
Dates associated with a name
توفي 45 قبل الهجرة
Source of heading or term
aucnm
650 #7 - SUBJECT ADDED ENTRY--TOPICAL TERM
Topical term or geographic name entry element
أهل بيت الرسول
Source of heading or term
aucsh
650 #7 - SUBJECT ADDED ENTRY--TOPICAL TERM
Topical term or geographic name entry element
السيرة النبوية
Source of heading or term
aucsh
856 4# - ELECTRONIC LOCATION AND ACCESS
Uniform Resource Identifier
<a href="http://10.10.10.21/hipres/828/book.Web/bookTestPage.html">http://10.10.10.21/hipres/828/book.Web/bookTestPage.html</a>
942 ## - ADDED ENTRY ELEMENTS (KOHA)
Source of classification or shelving scheme
Dewey Decimal Classification
Koha item type
كتاب مصور نادر
Suppress in OPAC
No
949 ## - LOCAL PROCESSING INFORMATION (OCLC)
a
SA-JeALM
d
260123
u
mohamedma123
n
1
Holdings
Withdrawn status
Lost status
Source of classification or shelving scheme
Damaged status
Not for loan
Home library
Current library
Date acquired
Total checkouts
Full call number
Barcode
Date last seen
Price effective from
Koha item type
Dewey Decimal Classification
DR AbdElwahab Library
DR AbdElwahab Library
03/15/2026
م ن 240 ب ر ز
000023086
03/15/2026
03/15/2026
كتاب مصور نادر
Place hold
Print
Add to your cart
(remove)
Save record
BIBTEX
Dublin Core
MARCXML
MARC (non-Unicode/MARC-8)
MARC (Unicode/UTF-8)
MARC (Unicode/UTF-8, Standard)
MODS (XML)
RIS
ISBD
More searches
Search for this title in:
Other Libraries (WorldCat)
Other Databases (Google Scholar)
Online Stores (Bookfinder.com)
Open Library (openlibrary.org)
Exporting to Dublin Core...
×
Simple DC-RDF
OAI-DC
SRW-DC